Brownlie's Principles of Public International Law

Uložené v:
Podrobná bibliografia
Hlavný autor: Crawford, James
Médium: Kniha
Jazyk:English
Vydavateľské údaje: New York Oxford University Press 2019
Vydanie:9th Edition
Predmet:
Tagy: Pridať tag
Žiadne tagy, Buďte prvý, kto otaguje tento záznam!

MARC

LEADER 00000nam a2200000 4500
001 0256257
005 20230105093000.0
020 |a 978-0-19-873744-5 
041 0 |a eng 
044 |a US 
245 1 0 |a Brownlie's Principles of Public International Law  |c James Crawford 
250 |a 9th Edition 
264 1 |a New York  |b Oxford University Press  |c 2019 
300 |a 785 s. 
610 2 0 |a právo verejné medzinárodné 
610 2 0 |a zákony 
610 2 0 |a legislatíva 
610 2 0 |a zóny 
610 2 0 |a suverenita 
610 2 0 |a more 
610 2 0 |a prostredie životné 
610 2 0 |a zdroje prírodné 
610 2 0 |a zmluvy medzinárodné 
610 2 0 |a diplomacia 
610 2 0 |a štát 
610 2 0 |a suverenita 
610 2 0 |a národnosti 
610 2 0 |a práva ľudské 
610 2 0 |a právo trestné medzinárodné 
100 1 |a Crawford, James